Gaming Quiz

Random Gaming or Basketball Quiz

NBA Jam Players Quiz Stats

 Plays Quiz Updated Nov 7, 2018

     
Support Sporcle.
Go Orange.
Score 0/54 Timer 07:00
1 Play Today
Team Player % Correct
Chicago BullsScottie Pippen
86.9%
Charlotte HornetsLarry Johnson
79%
Utah JazzKarl Malone
78.5%
Utah JazzJohn Stockton
76.3%
San Antonio SpursDavid Robinson
73.4%
Orlando MagicShaquille O'Neal
73.1%
New York KnicksPatrick Ewing
68.1%
Indiana PacersReggie Miller
67.7%
Seattle SuperSonicsShawn Kemp
66%
Golden State WarriorsTim Hardaway
64.1%
Phoenix SunsCharles Barkley
62.8%
Atlanta HawksDominique Wilkins
60.2%
Detroit PistonsIsiah Thomas
59.2%
Portland Trail BlazersClyde Drexler
58.4%
Houston RocketsHakeem Olajuwon
57.5%
Chicago BullsHorace Grant
51.1%
Washington BulletsHarvey Grant
48.5%
Sacramento KingsSpud Webb
43.9%
Houston RocketsKenny Smith
42.6%
Golden State WarriorsChris Mullin
41.7%
Cleveland CavaliersMark Price
39.4%
Denver NuggetsDikembe Mutombo
35.9%
Detroit PistonsBill Laimbeer
34.5%
Boston CelticsKevin McHale
32.8%
Indiana PacersDetlef Schrempf
32.6%
Los Angeles LakersVlade Divac
32.6%
Los Angeles LakersJames Worthy
31.7%
Team Player % Correct
Miami HeatGlen Rice
28.6%
New York KnicksCharles Oakley
26.5%
Phoenix SunsDan Majerle
25%
Cleveland CavaliersBrad Daugherty
24.8%
New Jersey NetsDerrick Coleman
23.7%
Los Angeles ClippersRon Harper
22.7%
Dallas MavericksDerek Harper
22.5%
Portland Trail BlazersTerry Porter
22.5%
Boston CelticsReggie Lewis
21.7%
Orlando MagicScott Skiles
21.4%
San Antonio SpursSean Elliott
18.9%
Los Angeles ClippersDanny Manning
17.6%
Minnesota TimberwolvesChristian Laettner
16.8%
Denver NuggetsLaPhonso Ellis
15.6%
New Jersey NetsDrazen Petrovic
14.5%
Miami HeatRony Seikaly
13.3%
Philadelphia 76ersJeff Hornacek
12.4%
Atlanta HawksStacey Augmon
12.2%
Philadelphia 76ersHersey Hawkins
11.8%
Charlotte HornetsKendall Gill
11.6%
Washington BulletsTom Gugliotta
10.9%
Minnesota TimberwolvesChuck Person
8.1%
Sacramento KingsWayman Tisdale
6.3%
Milwaukee BucksBlue Edwards
6%
Milwaukee BucksBrad Lohaus
5.5%
Seattle SuperSonicsBenoit Benjamin
3.6%
Dallas MavericksMike Iuzzolino
2.3%

From the Vault

National Rugby League

by Ben

Sports 5m
Running continuously since 1908, the NRL is where it's at in Southern Hemisphere Rugby League action.
Remove Ads.
Support Sporcle.
Get the best of Sporcle when you Go Orange. This ad-free experience offers more features, more stats, and more fun while also helping to support Sporcle. Thank you for becoming a member.

Show Comments

Extras

Top Quizzes Today


Score Distribution

Your Account Isn't Verified!

In order to create a playlist on Sporcle, you need to verify the email address you used during registration. Go to your Sporcle Settings to finish the process.

Report this User

Report this user for behavior that violates our Community Guidelines.

Details: